000 00307nam a22001337a 4500
008 170330b xxu||||| |||| 00| 0 eng d
020 _a00257125
041 _aeng
080 _a616-053.2
100 _a8
101 _aSHM
245 _aTHE MEDICAL CLINICS OF NORTH AMERICA
_cLANG, R.S
942 _2udc
_cBK
999 _c9137
_d9137